| 000 | 00000nam##2200000za#4500 |
| 001 | 9.695426 |
| 003 | CaOODSP |
| 005 | 20210624234554 |
| 007 | cr ||||||||||| |
| 008 | 150407|2000||||xxc|||||o f|0| 0 eng|d |
| 040 | |aCaOODSP|beng |
| 043 | |an-cn--- |
| 086 | 1 |aH49-145/2000E-PDF |
| 110 | 1 |aCanada. |bHealth Canada. |
| 245 | 10|aNational Diabetes Surveillance System (NDSS) business plan / |h[electronic resource]|capproved by the NDSS Steering Committee. |
| 250 | |aRev. May 31 2000. |
| 260 | |aOttawa - Ontario : |bHealth Canada |cMay 31 2000. |
| 300 | |a39p.|bfig., tables |
| 500 | |a"The main goals of the NDSS are to develop, facilitate, and coordinate national, provincial, territorial, and aboriginal diabetes surveillance, beginning with the implementation of a standardized model for core surveillance."--Executive summary, p.4 of 39. |
| 520 | 3 |a"The main goals of the NDSS are to develop, facilitate, and coordinate national, provincial, territorial, and aboriginal diabetes surveillance, beginning with the implementation of a standardized model for core surveillance."--Executive summary, p.4 of 39. |
| 590 | |a12-15-Supp|b2012-04-13 |
| 690 | 07|aDiabetes|2gcpds |
| 690 | 07|aHealth promotion|2gcpds |
| 710 | 2 |aNDSS Steering Committee. |
| 775 | 08|tSystème national de surveillance du diabète (SNSD) plan d'activités / |w(CaOODSP)9.639562 |
| 776 | 0#|tNational Diabetes Surveillance System (NDSS) business plan |w(CaOODSP)9.647891 |
| 856 | 40|ahttp://publications.gc.ca|qPDF|s82 KB|uhttps://publications.gc.ca/collections/Collection/H49-145-2000E.pdf |